Business research methods. (2nd ed.) (Record no. 77947)

MARC details
000 -LEADER
fixed length control field 00982nam a2200229 a 4500
008 - FIXED-LENGTH DATA ELEMENTS--GENERAL INFORMATION
fixed length control field 100329s2008 ||||||||||||||||| || u
020 ## - INTERNATIONAL STANDARD BOOK NUMBER
International Standard Book Number 007711745X
050 ## - LIBRARY OF CONGRESS CALL NUMBER
Classification number HD 30.4 Blu
100 ## - MAIN ENTRY--PERSONAL NAME
Personal name Cooper, Donald R
245 10 - TITLE STATEMENT
Title Business research methods. (2nd ed.)
Statement of responsibility, etc. Boris Blumberg; Donald R. Cooper; Pamela S. Schindler
250 ## - EDITION STATEMENT
Edition statement 2nd ed.
260 ## - PUBLICATION, DISTRIBUTION, ETC.
Place of publication, distribution, etc. London
Name of publisher, distributor, etc. McGraw-Hill
Date of publication, distribution, etc. 2008
300 ## - PHYSICAL DESCRIPTION
Extent xix, 685p.: ill.
350 ## -
-- 0.00
500 ## - GENERAL NOTE
General note Accompanied with a CD-ROM (see CBU Reference Librarian)
650 #0 - SUBJECT ADDED ENTRY--TOPICAL TERM
Topical term or geographic name entry element BUSINESS
650 ## - SUBJECT ADDED ENTRY--TOPICAL TERM
Topical term or geographic name entry element INDUSTRIAL MANAGEMENT--RESEARCH
700 ## - ADDED ENTRY--PERSONAL NAME
Personal name Schindler, Pamela S
700 ## - ADDED ENTRY--PERSONAL NAME
Personal name Blumberg, Boris
995 ## -
-- MAIN LIBRARY OPEN ACCESS
-- 0.00
-- 741550
-- CBU-MAIN LIBRARY (Kitwe)
-- 1
-- 0.00
-- HD 30.4 BLU
-- 2
-- AVAILABLE
-- Aug 24, 2010
-- 741550
-- Main Library Open Access Collection
995 ## -
-- MAIN LIBRARY OPEN ACCESS
-- 0.00
-- 741195
-- CBU-MAIN LIBRARY (Kitwe)
-- 1
-- 0.00
-- HD 30.4 BLU
-- 1
-- OUT
-- May 3, 2010
-- 741196
-- Main Library Open Access Collection
999 ## -
-- 77947
-- 77947
Holdings
Withdrawn status Lost status Source of classification or shelving scheme Damaged status Not for loan Permanent Location Current Location Shelving location Date acquired Total Checkouts Full call number Barcode Date last seen Copy number Price effective from Koha item type
          CBU-MAIN LIBRARY, KITWE. CBU-MAIN LIBRARY, KITWE.   05/03/2023   HD 30.4 Blu 741550 05/03/2023 1 05/03/2023 MONOGRAPH
          CBU-MAIN LIBRARY, KITWE. CBU-MAIN LIBRARY, KITWE.   05/03/2023   HD 30.4 Blu 741196 05/03/2023 2 05/03/2023 MONOGRAPH